| 000 | 00429nam a2200145 a 4500 | ||
|---|---|---|---|
| 001 | 1843 | ||
| 003 | CDMR | ||
| 005 | 20151016133602.0 | ||
| 008 | 130130s2004||||||||||||||||||||||||||||d | ||
| 040 |
_aCDMR _bcat _cCDMR |
||
| 110 | 2 |
_91342 _aAssociació de Publicacions Periòdiques en Català |
|
| 245 | 1 | 2 |
_aL'estat de l'espai català de comunicació _b: polítiques de comunicació |
| 260 |
_aBarcelona _c2004 _bAPPEC |
||
| 942 |
_cMON _2udc |
||
| 999 |
_c1843 _d1843 |
||